000 00656nam a2200265Ia 4500
005 20260121165147.0
008 008 260114s9999 xx 000 0 eng d
020 _a9783319338316
037 _aEBOOK
040 _aCRL
040 _beng
040 _cCRL
041 _2eng
041 _aeng
084 _qCRL
100 _aIstvan Pal Adam
_91048255
245 0 _aBudapest Building Managers and the Holocaust in Hungary
260 _bSpringer
260 _bSpringer
260 _c2016
856 _uhttps://link.springer.com/openurl?genre=book&isbn=978-3-319-33831-6
942 _cEBOOK
999 _c1613980
_d1613980